| 000 | 00676nam a22001817a 4500 | ||
|---|---|---|---|
| 999 |
_c180013 _d180013 |
||
| 005 | 20210720164049.0 | ||
| 010 | _aENG-129602 | ||
| 020 |
_a978-93-88542-11-1 _c60.00 |
||
| 035 | _aEN-113134 | ||
| 037 | _bDBAD/PUB | ||
| 082 | _a170.842 | ||
| 100 | _aSwami Suparnananda | ||
| 245 |
_aThe message of Swami Vivekananada for youth in the Perspective of the 125th year of the Historic Chicago Addresses of Swamiji/ _cby Swami Suparnananda |
||
| 260 |
_aKolkata _bSwami Suparnananda _c2019 |
||
| 270 |
_aRamakrishna Mission Institute of Culture, Gol Park _bKolkata _e700029 _mrmicsale@gmail.com |
||
| 300 |
_a71 p; _c22cm(pbk) |
||
| 942 |
_2ddc _cEN _h170.842 _mSUP |
||